[Event "Lansing op"]
[Site "Lansing"]
[Date "2001.09.01"]
[Round "2"]
[White "Schwan, Fred"]
[Black "Smeckert, Dennis"]
[Result "1/2-1/2"]
[WhiteElo "1230"]
[BlackElo "1284"]
[PlyCount "54"]
[EventDate "2001.08.31"]
[EventType "swiss"]
[EventRounds "7"]
[EventCountry "USA"]
[SourceTitle "EXT 2007"]
[Source "ChessBase"]
[SourceDate "2006.11.23"]
[SourceVersion "1"]
[SourceVersionDate "2006.11.23"]
[SourceQuality "1"]

1. c4 e5 2. Nc3 Nf6 3. g3 Be7 4. Bg2 0-0 5. d3 c6 6. Nf3 d6 7. 0-0 Be6 8. b3 Re8 9. Bb2 Nbd7 10. Qc2 Nf8 11. Rad1 Ng6 12. Nd2 h5 13. Nce4 h4 14. Ng5 hxg3 15. hxg3 Bf5 16. e4 Bd7 17. Bh3 Ng4 18. Ngf3 Ne3 19. fxe3 Bxh3 20. Rf2 Qd7 21. Nh2 Bg5 22. Re1 Qd8 23. Ndf3 Qa5 24. Bc3 Qd8 25. Kh1 Be6 26. Qe2 Be7 27. Kg2 f6 1/2-1/2